<?xml version="1.0" encoding="UTF-8"?>
<record
    xmlns:xsi="http://www.w3.org/2001/XMLSchema-instance"
    xsi:schemaLocation="http://www.loc.gov/MARC21/slim http://www.loc.gov/standards/marcxml/schema/MARC21slim.xsd"
    xmlns="http://www.loc.gov/MARC21/slim">

  <leader>01457nam a2200253   4500</leader>
  <controlfield tag="003">vecauma</controlfield>
  <controlfield tag="005">20260414191710.0</controlfield>
  <controlfield tag="007">ta</controlfield>
  <controlfield tag="008">260414b        ve ||||| |||| 00| 0 spa d</controlfield>
  <datafield tag="020" ind1=" " ind2=" ">
    <subfield code="a">8480885521</subfield>
  </datafield>
  <datafield tag="040" ind1=" " ind2=" ">
    <subfield code="a">vecauma</subfield>
    <subfield code="b">spa</subfield>
    <subfield code="c">vecauma</subfield>
    <subfield code="d">vecauma</subfield>
    <subfield code="e">rda</subfield>
  </datafield>
  <datafield tag="041" ind1=" " ind2=" ">
    <subfield code="a">spa</subfield>
  </datafield>
  <datafield tag="100" ind1="1" ind2=" ">
    <subfield code="e">autor</subfield>
  </datafield>
  <datafield tag="245" ind1="1" ind2=" ">
    <subfield code="a">Liderando la revoluci&#xF3;n </subfield>
    <subfield code="c">/ Gary Hamel </subfield>
  </datafield>
  <datafield tag="264" ind1=" " ind2=" ">
    <subfield code="a">Espa&#xF1;a:</subfield>
    <subfield code="b">Gesti&#xF3;n 2000, S.A.;</subfield>
    <subfield code="c">2000.</subfield>
  </datafield>
  <datafield tag="300" ind1=" " ind2=" ">
    <subfield code="a">335 p&#xE1;ginas.</subfield>
  </datafield>
  <datafield tag="336" ind1=" " ind2=" ">
    <subfield code="a">texto</subfield>
    <subfield code="b">txt</subfield>
    <subfield code="2">rdacontenido</subfield>
  </datafield>
  <datafield tag="337" ind1=" " ind2=" ">
    <subfield code="a">no mediado</subfield>
    <subfield code="b">n</subfield>
    <subfield code="2">rdamedio</subfield>
  </datafield>
  <datafield tag="338" ind1=" " ind2=" ">
    <subfield code="a">volumen</subfield>
    <subfield code="b">nc</subfield>
    <subfield code="2">rdasoporte</subfield>
  </datafield>
  <datafield tag="505" ind1="0" ind2=" ">
    <subfield code="a">Hacia la revoluci&#xF3;n /
Encontrando la revoluci&#xF3;n /
Incendiando la revoluci&#xF3;n /
Sosteniendo la revoluci&#xF3;n /
</subfield>
  </datafield>
  <datafield tag="520" ind1="3" ind2=" ">
    <subfield code="a">Primero le quitar&#xE1;n sus clientes. Despu&#xE9;s le quitar&#xE1;n sus empleados. Y por &#xFA;ltimo, le quitar&#xE1;n sus activos. Son los nuevos revolucionarios: Yahoo!, Ikea, eBay, Virgin y varias docenas m&#xE1;s. Se est&#xE1;n infiltrando en todos los sectores y por todo el planeta. Est&#xE1;n derribando los viejos modelos empresariales para construir nuevos. Se basan en la imaginaci&#xF3;n y la innovaci&#xF3;n radical.

&#xBF;Est&#xE1; su empresa preparada para la revoluci&#xF3;n? &#xBF;Lo est&#xE1; usted? Este no es un libro para conformistas. Es un libro que expone los pasos a implementar para liderar con &#xE9;xito la revoluci&#xF3;n en su empresa. Liderando la revoluci&#xF3;n le mostrar&#xE1; el camino para cambiar el mundo.</subfield>
  </datafield>
  <datafield tag="942" ind1=" " ind2="1">
    <subfield code="2">lcc</subfield>
    <subfield code="n">0</subfield>
    <subfield code="c">BK</subfield>
  </datafield>
  <datafield tag="999" ind1=" " ind2=" ">
    <subfield code="c">13366</subfield>
    <subfield code="d">13366</subfield>
  </datafield>
  <datafield tag="952" ind1=" " ind2=" ">
    <subfield code="0">0</subfield>
    <subfield code="1">0</subfield>
    <subfield code="2">lcc</subfield>
    <subfield code="4">0</subfield>
    <subfield code="7">0</subfield>
    <subfield code="8">CG</subfield>
    <subfield code="a">BUMA</subfield>
    <subfield code="b">BUMA</subfield>
    <subfield code="c">GEN</subfield>
    <subfield code="d">2026-04-14</subfield>
    <subfield code="i">49005</subfield>
    <subfield code="l">0</subfield>
    <subfield code="p">2026-0505</subfield>
    <subfield code="r">2026-04-14</subfield>
    <subfield code="w">2026-04-14</subfield>
    <subfield code="y">BK</subfield>
  </datafield>
</record>
